| 000 | 00396nam a2200145Ia 4500 | ||
|---|---|---|---|
| 008 | 230917s9999||||xx |||||||||||||| ||und|| | ||
| 040 |
_e212148 _aMAIN |
||
| 041 | _aEnglish | ||
| 082 | _a658.4 G942E | ||
| 100 | _aGuptan, Sunil Unny | ||
| 245 | 0 | _aExecutive Coaching: A practitioner`s guide to creating excel | |
| 260 |
_aNew Delhi _bSage Publications _c2012 |
||
| 300 | _a162 p. | ||
| 942 | _cBK | ||
| 999 |
_c172046 _d172046 |
||